| 000 | 01444ngm a2200265 a 4500 | ||
|---|---|---|---|
| 005 | 20220317001839.0 | ||
| 008 | 170410s2014 c g 000 0 s | ||
| 041 | _aspa | ||
| 082 | 0 | 4 |
_a525 _bD37c |
| 110 | 2 |
_aDiscovery Communications _977875 |
|
| 245 | 1 | 0 |
_aColisiones cósmicas _bla tierra = Cosmic collisions _bearth _cDiscovery Communications _hvideodisco digital |
| 250 | _a1a. edición | ||
| 300 |
_a1 DVD (46 minutos) _bsonido, color, digital _c19 cm |
||
| 490 | _aDiscovery en la escuela | ||
| 520 | _aLos impactos de asteroides han dejado profundas cicatrices en todo el rostro del planeta tierra y son responsables de una de las mayores extinciones de la historia. Los científicos creen que no es una cuestión de si se va a producir de nuevo, sino cuando... definitivamente es cuestión de tiempo. Colisiones cósmicas: la Tierra abarca todo lo que hay que saber acerca de los choques de meteoritos con nuestro planeta y cómo los científicos se están preparando para enfrentar un suceso como este. Titulo original: Cosmic collisions: Earth | ||
| 650 | 1 | 4 |
_2LEMB _aAstronomía _vVideodiscos |
| 650 | 1 | 4 |
_2LEMB _aTierra (planeta) _vVideodiscos |
| 650 | 1 | 4 |
_2LEMB _aColisiones espaciales _vVideodiscos |
| 942 |
_2ddc _cDVD |
||
| 264 |
_aBogotá _bMS Tv & Videos _c2014 |
||
| 336 |
_atexto _btxt _2rdacontent |
||
| 337 |
_asin mediación _bn _2rdamedia |
||
| 338 |
_avolumen _bnc _2rdacarrier |
||
| 040 |
_aCO-BoRNBP _bspa _erda _cCO-BoRNBP |
||
| 999 |
_c8292 _d8292 |
||